000
00239nam a2200097Ia 4500
001
1144210
005
20250827010210.0
008
250824s9999 xx 000 0 und d
245
0
_a
KORKMA KALBİM
_c
AHMET BATMAN
260
_b
DESTEK YAYINLARI
999
_c
1144210
_d
1144210